000 00397nam a22001457a 4500
020 _a9780262201629
040 _cNust
082 _a629.892
_bTHR
100 _aTherun, Sebastian
_9124304
110 _aBurgard, Wolfram, Fox, Dieter
_9123065
245 _aProbabilistic Robotics
260 _aLondon:
_bMIT Press, Cambridge,
_c2006.
650 _aProbabilistic Robotics
_9124305
942 _2ddc
_cBK
999 _c610203
_d610203